| 000 | 00510nam a2200181Ia 4500 | ||
|---|---|---|---|
| 005 | 20250326130144.0 | ||
| 008 | 250326s9999 xx 000 0 und d | ||
| 037 | _aTextbook | ||
| 040 |
_aFMSL _beng _cFMSL |
||
| 041 |
_aeng _2eng |
||
| 084 |
_aB2893 L1 _qFMSL |
||
| 100 |
_aMartin M J C _9740185 |
||
| 245 | 0 |
_aCase exercise in operation research _cMartin M J C |
|
| 260 |
_aLondon _bLondon, Wiley Interscience _c1971 |
||
| 300 | _a209p | ||
| 942 |
_cTB _hB2893 L1 |
||
| 999 |
_c1281196 _d1281196 |
||